Responses for Show #399 - Thursday, March 20, 1986

Contestants

[<< previous game]

Kathleen Campbell, a production assistant from Los Angeles, California

Stuart Haven, an opera director from New York City

Gerri Miller, a magazine editor from New York City (whose 2-day cash winnings total $7,198)

[next game >>]

Jeopardy! Round responses

ALABAMA
THE '50s
COLORFUL SONGS
NOTORIOUS
MONEY
LESSER-KNOWN NAMES
    $100 14
a boll weevil

Stuart
    $100 9
the power of positive thinking

Kathleen
    $100 1
"Yellow Submarine"

Kathleen
    $100 3
Bonnie & Clyde

Kathleen
    $100 18
Canada

Gerri
    $100 2
(Gerri: What is Herman?)

George

GerriStuart
    $200 15
a Black Belt

Gerri
    $200 10
(Alex: Not fast enough, Stuart.)

Johnny Ray

Triple Stumper
    $200 7
"Black Is Black"

Kathleen
    $200 4
Stalin

Kathleen
    $200 24
1964

Triple Stumper
    $200 19
Galilei

Stuart
    $300 28
[The end-of-round signal sounds.]

Lurleen Wallace

Kathleen
    $300 11
Jimmy Hoffa

Kathleen
    $300 8
a purple hat band

Kathleen
    $300 5
the Ayatollah Khomeini

Stuart
    $300 25
Alexander Hamilton & Benjamin Franklin

Stuart
    $300 20
Mohandas

Stuart
    $400 12
The Ten Commandments & Ben-Hur

Stuart
    $500 16
(Alex: Gerri?)
(Gerri: Uh, I don't know, I'll guess "Blue Danube".)

"The Blue Tango"

Gerri
    $400 6
Eichmann

Gerri
    $400 26
[ERRATUM: The clue misspelled "cruzeiro" as shown.]

the Southern Cross

Gerri
    $400 21
Alighieri

Gerri
    $500 13
Joseph McCarthy

Stuart
    $500 17
red roses for a blue lady

Stuart
    $500 23
(Alex: We've got a minute to go in the round.)

John Hinckley

Gerri
    $500 27
(Alex: Because the man designed [*], his initials are found on that coin.)

the Lincoln penny

Triple Stumper
    $500 22
DiMucci

Triple Stumper

Scores at the first commercial break (after clue 15):

Gerri Stuart Kathleen
$500 $1,400 $1,300

Scores at the end of the Jeopardy! Round:

Gerri Stuart Kathleen
$1,400 $2,700 $1,600

Double Jeopardy! Round responses

BRITISH RULERS
WILD CATS
MEDICINES
NEIGHBORHOODS
ANCIENT HISTORY
LOGICAL CONCLUSIONS
    $200 2
Scotland

Stuart
    $200 1
a bobcat

Stuart
    $200 22
New Orleans

Stuart
    $200 7
(Kathleen: Who is Caligula?)

Brutus

GerriKathleen
    $200 13
Mountain

Stuart
    $800 3
hemophilia

Stuart
    $400 8
tigers

Stuart
    $400 23
the Casbah

Stuart
    $400 9
Cheops (Khufu)

Stuart
    $400 14
"Turvy"

Gerri
    $600 4
William & Mary

Stuart
    $600 18
a Panther

Gerri
    $600 21
(Kathleen: What is Vicks?)
(Alex: Be more...)
(Kathleen: VapoRub.)

Vicks VapoRub

Kathleen
    $600 24
(Gerri: What is Back Bay?)

Southie

Gerri
Triple Stumper
    $600 10
the Celts

Stuart
    $600 15
(Kathleen: Who is Artaxerxes II?)

Xerxes

Kathleen
Triple Stumper
    $800 5
George III

Stuart
    $1,000 19
(Gerri: What is a lion?)

the jaguar

Gerri
    $800 25
(Kathleen: What is CIA?)

the State Department

Kathleen
Triple Stumper
    $800 11
(Kathleen: What is the Ch'ing?)

the Shang Dynasty

Kathleen
Triple Stumper
    $800 16
(Stuart: Would that be Audubon?)
[ERRATUM: The man's surname is Grinnell.]

Bird

GerriStuart
    $1000 6
(Alex: You sailed through that category and it's reflected in your score.)
[Applause]

Henry VIII

Stuart
    $1000 20
(Alex: We've got less than a minute remaining in this round.)

the ocelot

Triple Stumper
    $1000 26
[The end-of-round signal sounds.]

London

Stuart
    $1000 12
the fall of Rome (the fall of the Roman Empire in the west)

Stuart
    $1000 17
(Stuart: Bokasa?)

a Central African Empire

Stuart
Triple Stumper

Scores at the end of the Double Jeopardy! Round:

Gerri Stuart Kathleen
$1,800 $8,700 -$200
(lock game)

[wagering suggestions for these scores]

Final Jeopardy! Round responses

THE OLD WEST
GerriWho is Daniel Boone?
$1,800
StuartWho was Clark?
$1,300
Kit Carson

Final scores:

Gerri Stuart Kathleen
$0 $7,400 -$200
2nd place: Merillat oak modular shelving system New champion: $7,400 3rd place: Stiffel lamps + Olympia Carrera typewriter

Game dynamics:

Coryat scores:

Gerri Stuart Kathleen
$3,300 $8,300 -$200
10 R,
4 W
(including 2 DDs)
23 R
(including 1 DD),
2 W
9 R,
4 W

Combined Coryat: $11,400

[game clues] [game scores] [suggest correction]

Game tape date: 1985-11-05
The J! Archive is created by fans, for fans. Scraping, republication, monetization, and malicious use prohibited; this site may use cookies and collect identifying information. See terms. The Jeopardy! game show and all elements thereof, including but not limited to copyright and trademark thereto, are the property of Jeopardy Productions, Inc. and are protected under law. This website is not affiliated with, sponsored by, or operated by Jeopardy Productions, Inc. Join the discussion at JBoard.tv.